Entry Nombre geográfico
001 - NÚMERO DE CONTROL
- campo de control: 172069
003 - IDENTIFICADOR DE NÚMERO DE CONTROL
- campo de control: OSt
005 - FECHA Y HORA DE LA ÚLTIMA TRANSACCIÓN
- campo de control: 20250904052619.0
008 - ELEMENTOS DE DATO DE LONGITUD-FIJA
- campo de control de longitud fija: 210603 n adznnaa|n a ana d
040 ## - FUENTE DE CATALOGACIÓN
- Centro catalogador/agencia de origen: OSt
- Centro/agencia transcriptor: OSt
151 ## - ENCABEZAMIENTO--NOMBRE GEOGRÁFICO
- Nombre geográfico: Timor-Leste-
- Subdivisión general: Historia
451 ## - TRAZADO DE VÉASE--NOMBRE GEOGRÁFICO
- Subcampo de control: nne
- Nombre geográfico: Timor oriental-
- Subdivisión general: Historia
451 ## - TRAZADO DE VÉASE--NOMBRE GEOGRÁFICO
- Nombre geográfico: Lore Sae-
- Subdivisión general: Historia
451 ## - TRAZADO DE VÉASE--NOMBRE GEOGRÁFICO
- Nombre geográfico: República Democrática de Timor-Leste-
- Subdivisión general: Historia
451 ## - TRAZADO DE VÉASE--NOMBRE GEOGRÁFICO
- Nombre geográfico: Timor portugués-
- Subdivisión general: Historia
451 ## - TRAZADO DE VÉASE--NOMBRE GEOGRÁFICO
- Nombre geográfico: Timor Timur-
- Subdivisión general: Historia
451 ## - TRAZADO DE VÉASE--NOMBRE GEOGRÁFICO
- Nombre geográfico: Timur-
- Subdivisión general: Historia
